Statistics for NFL Players Who Changed Teams

Click here to take the quiz!

General Stats

  • This quiz has been taken 23,258 times
    (2,687 since last reset)
  • The average score is 14 of 22

Answer Stats

Year Team Change Player % Correct
2020Patriots → BuccaneersTom Brady
99%
2020Patriots → BuccaneersRob Gronkowski
92%
2012Colts → BroncosPeyton Manning
91%
2008Packers → JetsBrett Favre
84%
2019Giants → BrownsOdell Beckham Jr.
79%
2006Chargers → SaintsDrew Brees
70%
199349ers → ChiefsJoe Montana
70%
2020Texans → CardinalsDeAndre Hopkins
68%
2018Redskins → VikingsKirk Cousins
66%
2018Raiders → BearsKhalil Mack
62%
2003Cowboys → CardinalsEmmitt Smith
60%
2009Falcons → EaglesMichael Vick
60%
2007Raiders → PatriotsRandy Moss
59%
200149ers → RaidersJerry Rice
57%
2009Broncos → BearsJay Cutler
51%
2015Saints → SeahawksJimmy Graham
47%
2006Patriots → ColtsAdam Vinatieri
46%
1993Eagles → PackersReggie White
44%
1999Colts → RamsMarshall Faulk
42%
2006Eagles → CowboysTerrell Owens
41%
1989Cowboys → VikingsHerschel Walker
38%
1987Rams → ColtsEric Dickerson
34%

Score Distribution

Percentile by Number Answered

Percent of People with Each Score

Your Score History

You have not taken this quiz since the last reset